| Tag |
First Indicator |
Second Indicator |
Subfields |
| LEADER |
00000cam a2200000 a 4500 |
| 001 |
in00000034342 |
| 005 |
20151007060657.0 |
| 007 |
he bmb||||||| |
| 008 |
870428r19871985orua bb 00010 eng d |
| 035 |
|
|
|a (OCoLC)15602302
|
| 035 |
|
|
|9 AAC1427AM
|
| 040 |
|
|
|a ORU
|c INT
|d INT
|d m/c
|d HPE
|d TXA
|d UtOrBLW
|
| 049 |
|
|
|a TXAI
|
| 099 |
|
|
|a fiche
|a C
|a 9893
|
| 100 |
1 |
|
|a Brown, David Richard.
|
| 245 |
1 |
0 |
|a Development of a psychological scale for evaluating athletic potential using empirical and intuitive test construction strategies /
|c by David Richard Brown.
|
| 264 |
|
1 |
|a [Place of publication not identified] :
|b [publisher not identified] ;
|c 1985.
|
| 300 |
|
|
|a x, 131 leaves :
|b illustrations
|
| 336 |
|
|
|a text
|b txt
|2 rdacontent
|
| 337 |
|
|
|a microform
|b h
|2 rdamedia
|
| 338 |
|
|
|a microfiche
|b he
|2 rdacarrier
|
| 502 |
|
|
|b Ph. D.
|c Madison
|d 1985.
|
| 504 |
|
|
|a Bibliography: leaves 124-131.
|
| 533 |
|
|
|a Microfiche.
|b Eugene :
|c Microform Publications, College of Human Development and Performance, University of Oregon,
|d 1987.
|e 2 microfiches : negative 11 x 15 cm.
|
| 500 |
|
|
|a Microform.
|
| 650 |
|
0 |
|a Athletic ability
|x Testing.
|
| 650 |
|
0 |
|a Athletes
|x Psychology.
|
| 650 |
|
0 |
|a Personality assessment.
|
| 999 |
|
|
|a MARS
|
| 999 |
f |
f |
|s a431ebe2-f99d-3a3b-85e9-de769fef3028
|i 3c0dd667-08f3-3fa2-ace8-6c2f79b6c169
|t 0
|
| 952 |
f |
f |
|p normal
|a Texas A&M University
|b College Station
|c Sterling C. Evans Library
|d Evans: Microforms (3rd floor)
|t 0
|e fiche C 9893
|h Other scheme
|i microform -- microfiche
|m A14823253873
|
| 998 |
f |
f |
|a fiche C 9893
|t 0
|l Evans: Microforms (3rd floor)
|